[Event "ITA-ch U20"]
[Site "Tarvisio"]
[Date "2023.07.05"]
[Round "4"]
[White "Fargetta, Vittorio"]
[Black "Cericola, Michele Ettore"]
[Result "1-0"]
[WhiteElo "1857"]
[BlackElo "1636"]
[PlyCount "89"]
[EventDate "2023.07.02"]
[EventType "swiss"]
[EventRounds "9"]
[EventCountry "ITA"]
[SourceTitle "EXT 2024"]
[Source "ChessBase"]
[SourceDate "2023.10.10"]
[SourceVersion "1"]
[SourceVersionDate "2023.10.10"]
[SourceQuality "1"]

1. e4 c5 2. Nc3 Nc6 3. g3 g6 4. Bg2 Bg7 5. d3 d6 6. Be3 e5 7. f4 Nge7 8. Nh3 Bd7 9. 0-0 Qb6 10. Rb1 Nd4 11. Nf2 Qa6 12. Qd2 h5 13. fxe5 dxe5 14. Nd5 Qd6 15. c3 Nb5 16. a4 Nc7 17. b4 b6 18. bxc5 bxc5 19. d4 cxd4 20. cxd4 0-0 21. Nxe7+ Qxe7 22. d5 Ne8 23. Rfc1 Nd6 24. Bc5 Qf6 25. Qb4 Rfb8 26. Qxb8+ Rxb8 27. Rxb8+ Kh7 28. Bxa7 Bxa4 29. Rb6 Bh6 30. Re1 Qe7 31. Ra6 Bb5 32. Raa1 h4 33. Be3 hxg3 34. hxg3 Bg7 35. Ra7 Qd8 36. Bc5 Nc8 37. Rxf7 Be8 38. Rb7 Qa5 39. Rc1 Qd2 40. Rf1 Kh6 41. Ng4+ Kh5 42. Bf3 Bh6 43. Nf2+ Kg5 44. Ng4 Qc3 45. Be3+ 1-0

[Event "ITA-ch U20"]
[Site "Tarvisio"]
[Date "2023.07.04"]
[Round "3"]
[White "Cericola, Michele Ettore"]
[Black "Budai, Federico"]
[Result "1-0"]
[WhiteElo "1636"]
[BlackElo "1877"]
[PlyCount "47"]
[EventDate "2023.07.02"]
[EventType "swiss"]
[EventRounds "9"]
[EventCountry "ITA"]
[SourceTitle "EXT 2024"]
[Source "ChessBase"]
[SourceDate "2023.10.10"]
[SourceVersion "1"]
[SourceVersionDate "2023.10.10"]
[SourceQuality "1"]

1. e4 e5 2. Nf3 Nc6 3. Bc4 Bc5 4. c3 Nf6 5. d4 exd4 6. e5 d5 7. Bb5 Ne4 8. cxd4 Bb6 9. Nc3 0-0 10. Be3 Ne7 11. Bd3 Nxc3 12. bxc3 Nf5 13. Qc2 Nxe3 14. fxe3 Kh8 15. 0-0 h6 16. Qf2 Be6 17. Qg3 Qd7 18. Nh4 Rae8 19. Rf2 Qe7 20. Raf1 Kg8 21. Rf6 Kh8 22. Qg6 fxg6 23. Nxg6+ Kg8 24. Nxe7+ 1-0